The ultimate Prince William quiz book : (Record no. 9978)
[ view plain ]
| 000 -LEADER | |
|---|---|
| fixed length control field | 01146cam a2200337 a 4500 |
| 001 - CONTROL NUMBER | |
| control field | 11921197 |
| 003 - CONTROL NUMBER IDENTIFIER | |
| control field | OSt |
| 005 - DATE AND TIME OF LATEST TRANSACTION | |
| control field | 20140310182149.0 |
| 008 - FIXED-LENGTH DATA ELEMENTS--GENERAL INFORMATION | |
| fixed length control field | 000224s1999 enkaf c 000 0deng d |
| 010 ## - LIBRARY OF CONGRESS CONTROL NUMBER | |
| LC control number | 00502557 |
| 020 ## - INTERNATIONAL STANDARD BOOK NUMBER | |
| International Standard Book Number | 0448420732 |
| 035 ## - SYSTEM CONTROL NUMBER | |
| System control number | (OCoLC)ocm41876838 |
| 040 ## - CATALOGING SOURCE | |
| Original cataloging agency | BKL |
| Transcribing agency | BKL |
| Modifying agency | DLC |
| 042 ## - AUTHENTICATION CODE | |
| Authentication code | lccopycat |
| -- | lcac |
| 043 ## - GEOGRAPHIC AREA CODE | |
| Geographic area code | e-uk--- |
| 050 00 - LIBRARY OF CONGRESS CALL NUMBER | |
| Classification number | DA 591.A45 |
| Item number | .K16 1999 |
| 082 00 - DEWEY DECIMAL CLASSIFICATION NUMBER | |
| Classification number | HS 941.08502 |
| Item number | K13 1999 |
| 100 1# - MAIN ENTRY--PERSONAL NAME | |
| Personal name | Kane, Ellen. |
| 9 (RLIN) | 15656 |
| 245 14 - TITLE STATEMENT | |
| Title | The ultimate Prince William quiz book : |
| Remainder of title | fun quizzes, facts, and photos / |
| Statement of responsibility, etc | Ellen Kane. |
| 260 ## - PUBLICATION, DISTRIBUTION, ETC. (IMPRINT) | |
| Place of publication, distribution, etc | New York : |
| Name of publisher, distributor, etc | Grosset & Dunlap, |
| Date of publication, distribution, etc | c1999. |
| 300 ## - PHYSICAL DESCRIPTION | |
| Extent | 59 p. : |
| Other physical details | ill. (some col.) ; |
| Dimensions | 21 cm. |
| 541 ## - IMMEDIATE SOURCE OF ACQUISITION NOTE | |
| -- | 1 |
| 562 ## - COPY AND VERSION IDENTIFICATION NOTE | |
| Number of copies | 1 |
| 600 00 - SUBJECT ADDED ENTRY--PERSONAL NAME | |
| Personal name | William, |
| Titles and other words associated with a name | Prince, Duke of Cambridge, |
| Dates associated with a name | 1982- |
| Form subdivision | Juvenile literature. |
| 9 (RLIN) | 15657 |
| 600 01 - SUBJECT ADDED ENTRY--PERSONAL NAME | |
| Personal name | William, |
| Titles and other words associated with a name | Prince, Duke of Cambridge, |
| Dates associated with a name | 1982- |
| 9 (RLIN) | 15658 |
| 650 #0 - SUBJECT ADDED ENTRY--TOPICAL TERM | |
| Topical term or geographic name as entry element | Princes |
| Geographic subdivision | Great Britain |
| Form subdivision | Biography |
| -- | Juvenile literature. |
| 9 (RLIN) | 15659 |
| 650 #1 - SUBJECT ADDED ENTRY--TOPICAL TERM | |
| Topical term or geographic name as entry element | Princes. |
| 9 (RLIN) | 15660 |
| 906 ## - LOCAL DATA ELEMENT F, LDF (RLIN) | |
| a | 7 |
| b | cbc |
| c | copycat |
| d | 2 |
| e | ncip |
| f | 19 |
| g | y-gencatlg |
| 942 ## - ADDED ENTRY ELEMENTS (KOHA) | |
| Source of classification or shelving scheme | Library of Congress Classification |
| Koha item type | |
| Withdrawn status | Lost status | Source of classification or shelving scheme | Damaged status | Home library | Current library | Shelving location | Date acquired | Total Checkouts | Full call number | Barcode | Date last seen | Copy number | Price effective from | Koha item type |
|---|---|---|---|---|---|---|---|---|---|---|---|---|---|---|
| Library of Congress Classification | Luxembourg Library | Luxembourg Library | High School Section | 08/30/2013 | DA 591.A45 .K16 1999 | 12415 | 08/30/2013 | 1 | 08/30/2013 | Books |